| 000 | 00517ntaaa2200193 4500 | ||
|---|---|---|---|
| 003 | 01 | ||
| 005 | 20251027202814.0 | ||
| 008 | 0714s1973 ag 01 | ||
| 040 |
_aAR-BaBN _bspa _cAR-BaBN _eaacr _dRIC |
||
| 082 | _a901.0000 T66e | ||
| 100 |
_aToynbee, Arnold Joseph _928424 |
||
| 245 | _aEstudio de la historia | ||
| 250 | _a1 ed. | ||
| 260 |
_aBuenos Aires : _bEmecé Editores, _cc1951, 1966 |
||
| 300 | _a14 tomos | ||
| 500 | _a14 tomos en 21 con 2 compendios | ||
| 650 |
_ahistoria-filosofĂa _97462 |
||
| 942 | _cBK | ||
| 999 |
_c23412 _d23412 |
||